| 000 | 00000nam##2200000za#4500 |
| 001 | 9.615635 |
| 003 | CaOODSP |
| 005 | 20210615101220 |
| 007 | ta |
| 008 | 150406|2000||||xxc||||| f|0| 0 eng|d |
| 020 | |a0-662-30944-8 |
| 040 | |aCaOODSP|beng |
| 043 | |an-cn--- |
| 086 | 1 |aNH18-22/100-127E |
| 110 | 2 |aCanada Mortgage and Housing Corporation. |
| 245 | 10|aSlab-on-grade construction |
| 260 | |aOttawa - Ontario : |bCanada Mortgage and Housing Corporation |c2000. |
| 300 | |a6p. : |bfigs. ; |c28 cm. |
| 490 | 1 |aResearch highlight. Technical series |v00-127 |
| 563 | |aPamphlet |
| 590 | |a01-31|b2001-08-03 |
| 690 | 07|aConstruction industry|2gcpds |
| 690 | 07|aConstruction materials|2gcpds |
| 775 | 08|tConstruction des dalles sur terre-plein |w(CaOODSP)9.625754 |
| 776 | 0#|tSlab-on-grade construction |w(CaOODSP)9.572281 |
| 830 | #0|aResearch highlight. Technical series ;|v00-127|w(CaOODSP)9.514826 |
| 986 | |aNHA 2266 |